Statistics for Largest City in Each Köppen Climate Zone in the U.S.

Click here to take the quiz!

General Stats

  • This quiz has been taken 98 times
  • The average score is 8 of 15

Answer Stats

HintAnswer% Correct
Hot Desert (BWh)Phoenix
97%
Hot-Summer Mediterranean (Csa)Los Angeles
95%
Tropical Monsoonal (Am)Miami
83%
Humid Temperate (Cfa)New York
82%
Warm-Summer Mediterranean (Csb)San Francisco
82%
Hot-Summer Continental (Dfa)Chicago
80%
Subarctic (Dfc)Anchorage
72%
Cold Steppe (BSk)Denver
62%
Tropical Savanna (Aw/As)Honolulu/Cape Coral
45%
Warm-Summer Continental (Dfb)Buffalo
28%
Cold Desert (BWk)Albuquerque
26%
Hot Steppe (BSh)Tucson
22%
Tropical Rainforest (Af)West Palm Beach/Hilo
22%
Oceanic (Cfb)Bellingham
9%
Dry-Summer Continental (Dsb/Dsa)Spokane
9%

Score Distribution

Percentile by Number Answered

Percent of People with Each Score

Your Score History

You have not taken this quiz